| 000 | 01050nam a22002537a 4500 | ||
|---|---|---|---|
| 003 | OSt | ||
| 005 | 20250925082330.0 | ||
| 008 | 210311b ||||| |||| 00| 0 spa d | ||
| 020 | _a9789945922417 | ||
| 040 |
_aDO-SdBNP _bspa _cBNPHU |
||
| 082 |
_a972.9302 _bJ61r |
||
| 100 | 1 | 0 |
_aJimenes Grullón, Juan Isidro, _d1903-1983 _e1903-1983 _92482 |
| 245 | 1 | 0 |
_aLa República Dominicana : _buna ficción / _cJuan Isidro Jimenes Grullón ; prólogo de León David |
| 260 |
_aSanto Domingo : _bInstituto Superior de Formación Docente Salomé Ureña, _c2020 |
||
| 300 |
_a361 p ; _c24 cm |
||
| 490 |
_aColección Clásicos Dominicanos ; _v2 |
||
| 505 | _aNaturaleza de la colonia 47 – La expresión política 59 – La expresión económico-social 173 – La expresión espiritual 297 | ||
| 590 | _aInventariado, 2021 / DG | ||
| 650 | 4 | 0 |
_aCrisis económica _99159 |
| 651 | 0 |
_aRepública Dominicana -- _xHistoria -- _yColonia, 1503-1844 _911397 |
|
| 700 | 1 |
_aLeón David _d1945- _ePròlogo _984930 |
|
| 910 | _aInventariado, 2021 / DG | ||
| 942 |
_2ddc _cLBS1 |
||
| 999 |
_c49542 _d49542 |
||